| 000 | 00561nam a2200229Ia 4500 | ||
|---|---|---|---|
| 003 | OSt | ||
| 005 | 20250718152553.0 | ||
| 008 | 210210b2016 xxu||||| |||| 00| 0 eng d | ||
| 020 | _a9788193012666 | ||
| 040 | _cAL | ||
| 041 | _aeng | ||
| 082 | _a346.066 MAIT | ||
| 100 |
_aUmesh Maiya _999983 |
||
| 245 | _aTextbook of Indian corporate law | ||
| 260 |
_aMangalore _bPrajna Prakashana _c2016 |
||
| 300 | _avi,202p | ||
| 650 |
_aVI SEM BCom _999984 |
||
| 650 |
_aText book _999985 |
||
| 690 |
_aCompany Law _999986 |
||
| 906 | _a071014 | ||
| 942 |
_2ddc _cBK |
||
| 999 |
_c120407 _d120407 |
||